000 00787nam a22003010a 4500
001 PT53557
003 AR-LpoUNG
005 20250930145525.0
008 191001s2014||||ag |||||||||||||||||spa d
020 _a9789870417194
_c$8,03
040 _aAR-LpoUNG
_bspa
_cAR-LpoUNG
_eaacr
041 _aspa
044 _aag
082 0 _a808.068 3 668suc
100 1 _aBodoc, Liliana
245 1 0 _aSucedió en colores
250 _a1ra. ed., 7ma. reimpr.
260 _aBuenos Aires :
_bAlfaguara,
_c2014.
300 _a95 p. :
_bil.
505 0 _aSugerido a partir de 8 años (etiqueta CELESTE)
650 4 _aARGENTINA
650 4 _aCUENTOS
650 4 _aLITERATURA
653 0 _aLITERATURA INFANTIL
700 1 _aFarías, Carolina
_eil.
905 _a53557
942 _cLIB
_2ddc
999 _c10867
_d10867